| 000 | 01140nam a22003377a 4500 | ||
|---|---|---|---|
| 003 | CHAP | ||
| 005 | 20220329135239.0 | ||
| 008 | 971013s1980 r 00010 d | ||
| 010 | _a33237 | ||
| 011 | _a34209 | ||
| 035 | _a38325 | ||
| 040 | _cCHAP | ||
| 090 | _aTesis | ||
| 100 | 0 | 0 |
_aNúñez Ramos, Cuauhtémoc. _981972 |
| 245 | _aDeterminación de parasitismo en larvas de Spodoptera frugiperda (J. E. Smith) | ||
| 260 |
_aMonterrey, N. L. : _bEl autor, _c1980 |
||
| 300 |
_a153 h. _b: ilus. |
||
| 502 | _aTesis (Ing. Agr. Parasitólogo) -- Universidad Autónoma de Nuevo León. Facultad de Agronomía | ||
| 590 |
_aALEPH _b10 _c20130110 _lUCH01 _h1257 |
||
| 590 |
_aBATCH-UPD _b10 _c20130110 _lUCH01 _h2038 |
||
| 590 |
_aBATCH-UPD _b10 _c20130410 _lUCH01 _h1353 |
||
| 590 |
_aBATCH-UPD _b10 _c20130914 _lUCH01 _h1557 |
||
| 590 |
_aCONVERSION _b10 _c20130109 _lUCH01 _h1319 |
||
| 650 | 1 | 4 |
_aGusano cogollero del maíz. _951561 |
| 650 | 1 | 4 |
_aInsectos _xParásitos. _958938 |
| 650 | 1 | 4 |
_aMaíz _xPlagas. _971034 |
| 901 | _aBK | ||
| 942 | _cFOLL | ||
| 949 |
_bBC _cTES _d-87625 _eTS1 _i38325 _si |
||
| 949 |
_bBC _cTES _d-87626 _eTS2 _fc.2 _i38325 _si |
||
| 999 |
_c33237 _d33237 |
||